Arts et politique sous Sésostris Ier : littérature, sculpture et architecture dans leur contexte historique /

محفوظ في:

المؤلف الرئيسي: Lorand, David (مؤلف)

التنسيق: كتاب

اللغة: French

منشور في: Turnhout, Belgium : Brepols, 2011.

سلاسل: Monumenta Aegyptiaca ; 13.
MonAeg ; 13.

الموضوعات:

الوسوم: إضافة وسم

لا توجد وسوم, كن أول من يضع وسما على هذه التسجيلة!

رقم الطلب: DT57 .F25 v.13

LEADER 01229namaa2200313 4500
001 23902
003 OSt
005 20220103071528.0
008 130303s2011 be a g b 001 0 fre d
952 |0 0  |1 0  |2 lcc  |3 V.13  |4 0  |6 DT0057 F25 V.00013  |7 1  |9 24150  |a ARCE  |b ARCE  |d 2022-01-03  |l 0  |o DT57 .F25 v.13  |p 1022318  |r 2022-01-03 00:00:00  |w 2022-01-03  |y BK 
999 |c 20835  |d 20835 
020 |a 9782503541624 
040 |c ARCE Library 
043 |a f-ua---  
050 4 |a DT57 .F25 v.13 
100 1 |a Lorand, David,   |e author  |9 34900 
245 1 0 |a Arts et politique sous Sésostris Ier :   |b littérature, sculpture et architecture dans leur contexte historique /   |c by David Lorand.  
264 1 |a Turnhout, Belgium :   |b Brepols,   |c 2011.  
300 |a 476 pages :   |b illustrations ;   |c 28 cm.  
490 1 |a Monumenta Aegyptiaca ;   |v 13.  
490 1 |a MonAeg ;   |v 13. 
504 |a Includes bibliographical references (pages [343]-378) and indexes.  
600 0 0 |a Sesostris  |b I,  |c King of Egypt.  
600 0 4 |a Senusret   |b I,   |c King of Ancient Egypt,   |d 12th dynasty. 
651 0 |a Egypt  |x History  |y Twelfth dynasty, 1991 B.C.-ca. 1786 B.C.  
830 0 |a Monumenta Aegyptiaca ;   |v 13.  
830 0 |a MonAeg ;   |v 13. 
901 |a reviewed 
942 |c BK  |2 lcc